[Event "Titled Tuesday intern op 25th Jul Early"]
[Site "Chess.com INT"]
[Date "2023.07.25"]
[Round "7"]
[White "Ahmad, Khagan"]
[Black "Bendayan Claros, Aaron Arturo"]
[Result "1-0"]
[WhiteElo "2340"]
[BlackElo "2271"]
[PlyCount "89"]
[EventDate "2023.07.25"]
[EventType "swiss (blitz)"]
[EventRounds "11"]
[EventCountry "USA"]
[SourceTitle "EXT 2024"]
[Source "ChessBase"]
[SourceDate "2023.10.10"]
[SourceVersion "1"]
[SourceVersionDate "2023.10.10"]
[SourceQuality "1"]

1. c4 e6 2. Nc3 d5 3. d4 c6 4. e4 dxe4 5. Nxe4 Bb4+ 6. Bd2 Bxd2+ 7. Qxd2 Nf6 8. Nxf6+ Qxf6 9. Nf3 0-0 10. Bd3 c5 11. 0-0 cxd4 12. Nxd4 e5 13. Nf3 Nc6 14. Be4 Bf5 15. Bxc6 bxc6 16. Qc3 Rfe8 17. Rfe1 Re6 18. Rxe5 Rae8 19. Rxe6 Qxe6 20. Re1 Qd7 21. Rxe8+ Qxe8 22. h3 g6 23. Qe5 Qd7 24. Nd4 Bb1 25. a3 Bd3 26. c5 Qb7 27. b4 a5 28. Qe8+ Kg7 29. Nxc6 axb4 30. axb4 h5 31. Nd8 Qd5 32. c6 Be4 33. c7 Qd1+ 34. Kh2 Qd6+ 35. g3 Qxc7 36. Qxe4 Qxd8 37. Qe5+ Kh7 38. b5 Qb6 39. Kg2 Qb7+ 40. Kg1 Qb6 41. Qd5 Qc7 42. Qc6 Qe7 43. b6 Qe1+ 44. Kg2 Qe4+ 45. Qxe4 1-0

[Event "Titled Tuesday intern op 25th Jul Early"]
[Site "Chess.com INT"]
[Date "2023.07.25"]
[Round "8"]
[White "Bendayan Claros, Aaron Arturo"]
[Black "Smietanska, Wiktoria"]
[Result "1-0"]
[WhiteElo "2271"]
[BlackElo "1964"]
[PlyCount "75"]
[EventDate "2023.07.25"]
[EventType "swiss (blitz)"]
[EventRounds "11"]
[EventCountry "USA"]
[SourceTitle "EXT 2024"]
[Source "ChessBase"]
[SourceDate "2023.10.10"]
[SourceVersion "1"]
[SourceVersionDate "2023.10.10"]
[SourceQuality "1"]

1. d4 Nf6 2. Nf3 g6 3. Nbd2 d5 4. e3 Bg7 5. b4 0-0 6. c4 c6 7. b5 Nbd7 8. a4 Qc7 9. Ba3 Re8 10. Rc1 cxb5 11. cxb5 Qa5 12. Be2 Ne4 13. Qb3 Nb6 14. Bb4 Qxa4 15. Qxa4 Nxa4 16. Nxe4 dxe4 17. Ng5 Nb6 18. Nxe4 Nd5 19. Ba3 a6 20. bxa6 bxa6 21. 0-0 Bd7 22. Rc5 e6 23. Ra5 Nc7 24. Nd6 Red8 25. Bf3 Rab8 26. Nb7 Rdc8 27. Bd6 Bf8 28. Bg3 Bb4 29. Ra2 Ra8 30. h4 Nd5 31. Rfa1 Bb5 32. Nd6 Bxd6 33. Bxd6 Rc3 34. Ra5 Rb3 35. Bc5 Rc8 36. g3 Kg7 37. Bg2 f5 38. Bf1 1-0

[Event "Titled Tuesday intern op 18th Jul Early"]
[Site "Chess.com INT"]
[Date "2023.07.18"]
[Round "2"]
[White "Bornholdt, Joa Max"]
[Black "Bendayan Claros, Aaron Arturo"]
[Result "0-1"]
[WhiteElo "2265"]
[BlackElo "2271"]
[PlyCount "82"]
[EventDate "2023.07.18"]
[EventType "swiss (blitz)"]
[EventRounds "11"]
[EventCountry "USA"]
[SourceTitle "EXT 2024"]
[Source "ChessBase"]
[SourceDate "2023.10.10"]
[SourceVersion "1"]
[SourceVersionDate "2023.10.10"]
[SourceQuality "1"]

1. d4 d5 2. c4 e6 3. Nc3 c6 4. e4 dxe4 5. Nxe4 Bb4+ 6. Nc3 Nf6 7. Nf3 0-0 8. Be2 c5 9. 0-0 Nc6 10. Be3 cxd4 11. Nxd4 Nxd4 12. Qxd4 Qxd4 13. Bxd4 a6 14. Bf3 Bd6 15. Rfd1 Bc7 16. b4 Re8 17. a4 e5 18. Bc5 e4 19. Be2 Bf5 20. h3 Rac8 21. g4 Bg6 22. g5 Nh5 23. Nd5 Be5 24. Ra3 Nf4 25. Bf1 Nxd5 26. Rxd5 h6 27. gxh6 gxh6 28. h4 Bf5 29. Be2 Kh7 30. Ra2 f6 31. Rad2 Rg8+ 32. Kh1 Bh3 33. Rd7+ Bxd7 34. Rxd7+ Rg7 35. Rxg7+ Kxg7 36. Kg2 f5 37. Bh5 Kf6 38. Kf1 Bc3 39. a5 Rg8 40. Ke2 Ke6 41. Ke3 Bf6 0-1

[Event "Titled Tuesday intern op 18th Jul Early"]
[Site "Chess.com INT"]
[Date "2023.07.18"]
[Round "5"]
[White "Sahakyan, Aleks"]
[Black "Bendayan Claros, Aaron Arturo"]
[Result "0-1"]
[WhiteElo "2232"]
[BlackElo "2271"]
[PlyCount "62"]
[EventDate "2023.07.18"]
[EventType "swiss (blitz)"]
[EventRounds "11"]
[EventCountry "USA"]
[SourceTitle "EXT 2024"]
[Source "ChessBase"]
[SourceDate "2023.10.10"]
[SourceVersion "1"]
[SourceVersionDate "2023.10.10"]
[SourceQuality "1"]

1. e4 c6 2. d4 d5 3. Nc3 dxe4 4. Nxe4 Nf6 5. Nxf6+ exf6 6. c3 Bd6 7. Bd3 0-0 8. Ne2 Re8 9. Qc2 Kh8 10. Be3 Nd7 11. 0-0 Nf8 12. c4 Qc7 13. h3 Be6 14. Rfe1 Rad8 15. Rad1 Ng6 16. Nc3 Qd7 17. Ne4 Bb8 18. Nc5 Qc7 19. Nxe6 Qh2+ 20. Kf1 Rxe6 21. Be4 Rde8 22. f3 Bg3 23. Bg1 Qh1 24. d5 cxd5 25. cxd5 Re5 26. d6 Bxe1 27. d7 Rd8 28. Qc8 Ba5 29. b4 Bb6 30. Rd4 Nf4 31. Qc2 Bxd4 0-1

[Event "Valencia Cuna op 4th"]
[Site "Valencia"]
[Date "2023.07.12"]
[Round "5"]
[White "Fernandez Guillen, Ernesto J"]
[Black "Bendayan Claros, Aaron Arturo"]
[Result "1-0"]
[WhiteElo "2467"]
[BlackElo "2271"]
[PlyCount "59"]
[EventDate "2023.07.08"]
[EventType "swiss"]
[EventRounds "9"]
[EventCountry "ESP"]
[SourceTitle "CBM 215 Extra"]
[Source "ChessBase"]
[SourceDate "2023.09.30"]
[SourceVersion "1"]
[SourceVersionDate "2023.09.30"]
[SourceQuality "1"]

1. e4 c5 2. Nf3 e6 3. c3 Nf6 4. Bd3 d5 5. e5 Nfd7 6. 0-0 Nc6 7. Re1 g6 8. Bb5 a6 9. Bxc6 bxc6 10. d3 Bg7 11. Bf4 h6 12. h4 0-0 13. Qc1 Kh7 14. Bg3 f6 15. exf6 Nxf6 16. Nbd2 Ng4 17. d4 Qe7 18. Qc2 Rf5 19. Nf1 c4 20. Ne3 Nxe3 21. Rxe3 Bd7 22. Rae1 c5 23. Be5 cxd4 24. Bxd4 Bf8 25. Ne5 Be8 26. h5 Rxh5 27. Ng4 Bg7 28. Bf6 Qc7 29. Rxe6 Qf4 30. Re7 1-0

[Event "Alicante IM Teams 3rd"]
[Site "Alicante"]
[Date "2023.07.07"]
[Round "9"]
[White "Ilinca Ilinca, Felix Antonio"]
[Black "Bendayan Claros, Aaron Arturo"]
[Result "1-0"]
[WhiteElo "2293"]
[BlackElo "2271"]
[PlyCount "97"]
[EventDate "2023.07.03"]
[EventType "schev"]
[EventRounds "9"]
[EventCountry "ESP"]
[SourceTitle "CBM 215 Extra"]
[Source "ChessBase"]
[SourceDate "2023.09.30"]
[SourceVersion "1"]
[SourceVersionDate "2023.09.30"]
[SourceQuality "1"]
[WhiteTeam "Team C"]
[BlackTeam "Team D"]
[WhiteTeamCountry "ESP"]
[BlackTeamCountry "ESP"]

1. Nf3 d5 2. g3 Bg4 3. Bg2 Nd7 4. h3 Bh5 5. d3 c6 6. 0-0 e5 7. e4 dxe4 8. dxe4 Ngf6 9. Qe1 Bc5 10. Nc3 0-0 11. Nh4 b5 12. Kh2 Re8 13. a4 a6 14. Nd1 Bg6 15. Nxg6 hxg6 16. Ne3 Qc7 17. Bd2 Bd4 18. c3 Ba7 19. b4 Nb6 20. axb5 axb5 21. Qe2 Rad8 22. Rfd1 Rd7 23. Be1 Red8 24. Rxd7 Rxd7 25. c4 Nxc4 26. Nxc4 bxc4 27. Qxc4 Qb7 28. Rc1 Rd6 29. f4 exf4 30. e5 Rd4 31. Qxc6 fxg3+ 32. Bxg3 Qxc6 33. Rxc6 Rd1 34. Bf3 Rd2+ 35. Kh1 Nh5 36. Be1 Rb2 37. Bxh5 gxh5 38. Bc3 Rb1+ 39. Kg2 g5 40. e6 g4 41. hxg4 fxe6 42. Rc8+ Kh7 43. gxh5 Kh6 44. Rh8+ Kg5 45. h6 Rg1+ 46. Kh2 Rf1 47. h7 Kh6 48. Ra8 Rf2+ 49. Kg3 1-0

[Event "Alicante IM Teams 3rd"]
[Site "Alicante"]
[Date "2023.07.05"]
[Round "5"]
[White "Docampo Beltran, Dexter"]
[Black "Bendayan Claros, Aaron Arturo"]
[Result "1-0"]
[WhiteElo "2353"]
[BlackElo "2271"]
[PlyCount "65"]
[EventDate "2023.07.03"]
[EventType "schev"]
[EventRounds "9"]
[EventCountry "ESP"]
[SourceTitle "CBM 215 Extra"]
[Source "ChessBase"]
[SourceDate "2023.09.30"]
[SourceVersion "1"]
[SourceVersionDate "2023.09.30"]
[SourceQuality "1"]
[WhiteTeam "Team B"]
[BlackTeam "Team D"]
[WhiteTeamCountry "ESP"]
[BlackTeamCountry "ESP"]

1. e4 c5 2. Nc3 Nc6 3. f4 g6 4. Nf3 Bg7 5. Bb5 Nd4 6. 0-0 a6 7. Bd3 d6 8. Nxd4 cxd4 9. Ne2 Nf6 10. Kh1 e5 11. c3 0-0 12. cxd4 exd4 13. Ng3 b5 14. h3 Bb7 15. Bc2 Nd7 16. d3 Rc8 17. Bd2 Qh4 18. Be1 Qh6 19. a4 bxa4 20. Bxa4 Nc5 21. Bc2 Kh8 22. b4 Nd7 23. Bb3 f5 24. Be6 Rcd8 25. Rc1 Nf6 26. Rc7 Ba8 27. Bxf5 Ne8 28. Rd7 Rb8 29. Be6 Rxf4 30. Bd2 g5 31. Ba2 Rxf1+ 32. Qxf1 Be5 33. Bxg5 1-0

[Event "Titled Tuesday intern op 20th Dec Early"]
[Site "Chess.com INT"]
[Date "2022.12.20"]
[Round "8"]
[White "Bendayan Claros, Aaron Arturo"]
[Black "Ilkhomi, Jaloliddin"]
[Result "0-1"]
[WhiteElo "2232"]
[BlackElo "2145"]
[PlyCount "42"]
[EventDate "2022.12.20"]
[EventType "swiss (blitz)"]
[EventRounds "11"]
[EventCountry "USA"]
[SourceTitle "EXT 2024"]
[Source "ChessBase"]
[SourceDate "2023.10.10"]
[SourceVersion "1"]
[SourceVersionDate "2023.10.10"]
[SourceQuality "1"]

1. d4 Nf6 2. Nf3 e6 3. e3 b6 4. Bd3 Bb7 5. 0-0 d5 6. Nbd2 Nbd7 7. b3 Bd6 8. Bb2 Ne4 9. Ne5 0-0 10. Nxd7 Qxd7 11. Nxe4 dxe4 12. Bc4 Kh8 13. Qh5 f5 14. Rad1 Bd5 15. Be2 Rf6 16. c4 Rh6 17. cxd5 exd5 18. g3 Rxh5 19. Bxh5 g5 20. Be2 f4 21. exf4 gxf4 0-1

[Event "World Amateur-ch"]
[Site "Mellieha"]
[Date "2022.10.29"]
[Round "9"]
[White "Hurtado Bahamonde, Rodrigo And"]
[Black "Bendayan Claros, Aaron Arturo"]
[Result "1-0"]
[WhiteElo "2111"]
[BlackElo "2243"]
[PlyCount "117"]
[EventDate "2022.10.21"]
[EventType "swiss"]
[EventRounds "9"]
[EventCountry "MLT"]
[SourceTitle "EXT 2024"]
[Source "ChessBase"]
[SourceDate "2023.10.10"]
[SourceVersion "1"]
[SourceVersionDate "2023.10.10"]
[SourceQuality "1"]

1. e4 c6 2. Be2 d5 3. e5 Bf5 4. f4 e6 5. Nf3 c5 6. 0-0 Nc6 7. d3 h5 8. c3 Bg6 9. Na3 Nh6 10. Nc2 d4 11. c4 Nf5 12. a3 a5 13. b3 Rb8 14. Ng5 Qd7 15. Bf3 Be7 16. Ne4 f6 17. exf6 gxf6 18. Bd2 Kf7 19. Qe2 Nh4 20. Ne1 Nxf3+ 21. Nxf3 Bf5 22. Ng3 Bg4 23. h3 Bxf3 24. Qxf3 h4 25. Ne4 f5 26. Ng5+ Bxg5 27. fxg5 Ne5 28. Qe2 Ng6 29. Bxa5 e5 30. Bb6 Rbc8 31. b4 Rc6 32. bxc5 f4 33. Qe4 Qe7 34. a4 Qxg5 35. a5 Ne7 36. a6 bxa6 37. Rxa6 Rg8 38. Ra7 Qg6 39. Rxf4+ Ke6 40. Qxg6+ Nxg6 41. Rg4 Kf6 42. Rd7 Ra8 43. Rd6+ Rxd6 44. cxd6 Nf8 45. Rxh4 Nd7 46. c5 Ra1+ 47. Kf2 Ke6 48. Rh7 Ra2+ 49. Kg3 Nxb6 50. cxb6 Kxd6 51. b7 Rb2 52. Kf3 Kd5 53. g4 e4+ 54. dxe4+ Ke5 55. Rh5+ Ke6 56. Kf4 Rf2+ 57. Kg3 Rb2 58. Rd5 Rb3+ 59. Kf4 1-0

[Event "World Amateur-ch"]
[Site "Mellieha"]
[Date "2022.10.24"]
[Round "4"]
[White "Bouget, Alexandre"]
[Black "Bendayan Claros, Aaron Arturo"]
[Result "1-0"]
[WhiteElo "2277"]
[BlackElo "2243"]
[PlyCount "113"]
[EventDate "2022.10.21"]
[EventType "swiss"]
[EventRounds "9"]
[EventCountry "MLT"]
[SourceTitle "EXT 2024"]
[Source "ChessBase"]
[SourceDate "2023.10.10"]
[SourceVersion "1"]
[SourceVersionDate "2023.10.10"]
[SourceQuality "1"]

1. d4 d5 2. c4 e6 3. Nc3 a6 4. cxd5 exd5 5. Nf3 Nf6 6. Qb3 c6 7. e4 Nxe4 8. Nxe4 Qe7 9. Bg5 f6 10. 0-0-0 dxe4 11. Bd2 Be6 12. Bc4 Bxc4 13. Qxc4 Qf7 14. Qe2 Qd5 15. Rhe1 Nd7 16. Qxe4+ Qxe4 17. Rxe4+ Kf7 18. d5 cxd5 19. Rd4 Rc8+ 20. Kb1 Nb6 21. Ba5 Bc5 22. Bxb6 Bxb6 23. Rb4 Bxf2 24. Rxb7+ Kg6 25. Rf1 Be3 26. Nh4+ Kh5 27. Nf5 Bh6 28. h3 Rhe8 29. a3 Rb8 30. g4+ Kg6 31. Rd7 Re2 32. b4 a5 33. Nh4+ Kg5 34. Nf3+ Kg6 35. h4 Be3 36. h5+ Kh6 37. Nh4 g6 38. hxg6 hxg6 39. Nf3 Bf4 40. Rh1+ Bh2 41. g5+ Kh5 42. gxf6 axb4 43. a4 Kg4 44. Nxh2+ Kg3 45. Rh7 Rf8 46. Rg1+ Rg2 47. Nf1+ Kf3 48. Rxg2 Kxg2 49. Ne3+ Kf3 50. Nxd5 Ke4 51. Rd7 Ke5 52. f7 Ke6 53. Nb6 g5 54. a5 g4 55. a6 g3 56. a7 g2 57. Rd1 1-0

[Event "Titled Tuesday intern op 03rd May Early"]
[Site "Chess.com INT"]
[Date "2022.05.03"]
[Round "2"]
[White "Bendayan Claros, Aaron Arturo"]
[Black "Dauner, Benedikt"]
[Result "0-1"]
[WhiteElo "2159"]
[BlackElo "2321"]
[PlyCount "88"]
[EventDate "2022.05.03"]
[EventType "swiss (blitz)"]
[EventRounds "11"]
[EventCountry "USA"]
[SourceTitle "CBM 208 Extra"]
[Source "ChessBase"]
[SourceDate "2022.07.31"]
[SourceVersion "1"]
[SourceVersionDate "2022.07.31"]
[SourceQuality "1"]

1. d4 Nf6 2. Bg5 Ne4 3. Bf4 Nc6 4. Nd2 Nxd2 5. Qxd2 d5 6. e3 a6 7. Bd3 Bg4 8. h3 Bh5 9. Nf3 Bxf3 10. gxf3 e6 11. c3 Bd6 12. e4 Qd7 13. e5 Be7 14. b4 a5 15. b5 Nxd4 16. Qe3 Nxb5 17. 0-0 Nxc3 18. Rfc1 d4 19. Qe1 c6 20. Bd2 0-0 21. Bxc3 dxc3 22. Qe4 g6 23. Rxc3 Rfd8 24. Rb1 Bb4 25. Rcb3 b5 26. Bf1 Be7 27. Rc1 Rac8 28. h4 b4 29. h5 Qd4 30. Qe2 Qd2 31. Qc4 Qg5+ 32. Bg2 Qxh5 33. Qe4 Qg5 34. Re1 Qd2 35. Rbe3 c5 36. Qg4 c4 37. R1e2 Qd1+ 38. Kh2 c3 39. f4 c2 40. Rh3 c1Q 41. Be4 Qxe2 42. Qxe2 Rd2 43. Qf3 Qe1 44. Kg2 Bc5 0-1

[Event "Titled Tuesday intern op 03rd May Early"]
[Site "Chess.com INT"]
[Date "2022.05.03"]
[Round "8"]
[White "Bendayan Claros, Aaron Arturo"]
[Black "Samadov, Read"]
[Result "0-1"]
[WhiteElo "2159"]
[BlackElo "2442"]
[PlyCount "88"]
[EventDate "2022.05.03"]
[EventType "swiss (blitz)"]
[EventRounds "11"]
[EventCountry "USA"]
[SourceTitle "CBM 208 Extra"]
[Source "ChessBase"]
[SourceDate "2022.07.31"]
[SourceVersion "1"]
[SourceVersionDate "2022.07.31"]
[SourceQuality "1"]

1. d4 Nf6 2. Bg5 d5 3. e3 e6 4. Nd2 c5 5. c3 Nc6 6. Bd3 h6 7. Bh4 Be7 8. f4 Qb6 9. Rb1 cxd4 10. exd4 Qc7 11. Qf3 b6 12. Bxf6 Bxf6 13. Qe3 g5 14. f5 e5 15. dxe5 Nxe5 16. Ngf3 0-0 17. Nxe5 Bxe5 18. Nf3 Bf4 19. Qd4 Re8+ 20. Kf1 g4 21. g3 Re3 22. Nh4 Bg5 23. Be2 Bb7 24. Bxg4 Re4 25. Qd1 d4 26. Bf3 dxc3 27. bxc3 Qxc3 28. Kg2 Rae8 29. Bxe4 Bxe4+ 30. Kh3 Bxh4 31. Kxh4 Qf6+ 32. Kh3 Bxf5+ 33. g4 Re3+ 34. Kg2 Be4+ 35. Kg1 Rd3 36. Qf1 Qd4+ 37. Qf2 Rd1+ 38. Rxd1 Qxd1+ 39. Qf1 Qxf1+ 40. Kxf1 Bxh1 41. Kf2 Bd5 42. Kg3 Bxa2 43. Kf4 Be6 44. h4 b5 0-1

[Event "Titled Tuesday intern op 03rd May Early"]
[Site "Chess.com INT"]
[Date "2022.05.03"]
[Round "1"]
[White "Bendayan Claros, Aaron Arturo"]
[Black "Tatarinov, Dmitry"]
[Result "0-1"]
[WhiteElo "2159"]
[BlackElo "2314"]
[PlyCount "78"]
[EventDate "2022.05.03"]
[EventType "swiss (blitz)"]
[EventRounds "11"]
[EventCountry "USA"]
[SourceTitle "CBM 208 Extra"]
[Source "ChessBase"]
[SourceDate "2022.07.31"]
[SourceVersion "1"]
[SourceVersionDate "2022.07.31"]
[SourceQuality "1"]

1. d4 Nf6 2. Bg5 d5 3. e3 c5 4. c3 Qb6 5. Qb3 c4 6. Qxb6 axb6 7. Nd2 b5 8. a3 Nc6 9. Rd1 Nd7 10. e4 e6 11. Ngf3 Nb6 12. Nb1 Na4 13. exd5 exd5 14. Bc1 Bf5 15. Nbd2 Bc2 16. Be2 Bxd1 17. Bxd1 Kd7 18. 0-0 Bd6 19. Bc2 g6 20. g3 f6 21. Kg2 Rhe8 22. Rd1 Kc7 23. h4 Bxa3 24. bxa3 Nxc3 25. Rh1 b4 26. axb4 Nxb4 27. Bd1 Ra2 28. Nh2 Nd3 29. Bf3 Ne2 30. Bxd5 Nexc1 31. Nxc4 Rxf2+ 32. Kh3 f5 33. Ne5 Rc2 34. Nhf3 Nf2+ 35. Kg2 Nxh1+ 36. Kxh1 Ne2 37. Bb3 Nxg3+ 38. Kg1 Rb2 39. Ba4 Ra8 0-1

[Event "Titled Tuesday intern op 14th Dec"]
[Site "Chess.com INT"]
[Date "2021.12.14"]
[Round "2"]
[White "Balabayeva, Kseniya"]
[Black "Bendayan Claros, Aaron Arturo"]
[Result "0-1"]
[WhiteElo "2220"]
[BlackElo "2166"]
[PlyCount "70"]
[EventDate "2021.12.14"]
[EventType "swiss (blitz)"]
[EventRounds "11"]
[EventCountry "USA"]
[SourceTitle "EXT 2023"]
[Source "ChessBase"]
[SourceDate "2022.10.05"]
[SourceVersion "1"]
[SourceVersionDate "2022.10.05"]
[SourceQuality "1"]

1. e4 c6 2. Nf3 d5 3. d3 Bg4 4. Qe2 e6 5. g3 Nd7 6. Bg2 dxe4 7. dxe4 e5 8. 0-0 Ngf6 9. Nc3 Be7 10. h3 Bh5 11. Be3 0-0 12. Rad1 Qc7 13. g4 Bg6 14. Nd2 Rfd8 15. Nb3 Nf8 16. f4 exf4 17. Bxf4 Qb6+ 18. Kh1 Ne6 19. Bg3 Rxd1 20. Rxd1 Rd8 21. e5 Ne8 22. Rf1 Nd4 23. Nxd4 Qxd4 24. Be4 Qd2 25. Qf3 f6 26. e6 Nd6 27. Bxg6 hxg6 28. Ne4 Qxc2 29. Nxd6 Bxd6 30. Rd1 Bc7 31. Rxd8+ Bxd8 32. Qe3 Be7 33. b3 Qd1+ 34. Be1 Qd5+ 35. Kg1 Bc5 0-1

[Event "Titled Tuesday intern op 14th Dec"]
[Site "Chess.com INT"]
[Date "2021.12.14"]
[Round "5"]
[White "Bendayan Claros, Aaron Arturo"]
[Black "Mirza, Diana"]
[Result "0-1"]
[WhiteElo "2166"]
[BlackElo "1898"]
[PlyCount "82"]
[EventDate "2021.12.14"]
[EventType "swiss (blitz)"]
[EventRounds "11"]
[EventCountry "USA"]
[SourceTitle "EXT 2023"]
[Source "ChessBase"]
[SourceDate "2022.10.05"]
[SourceVersion "1"]
[SourceVersionDate "2022.10.05"]
[SourceQuality "1"]

1. d4 Nf6 2. Bg5 c6 3. Bxf6 exf6 4. c4 Bb4+ 5. Nc3 0-0 6. e3 Qe7 7. Nge2 d6 8. g3 Nd7 9. Bg2 Nb6 10. Qd3 d5 11. cxd5 Nxd5 12. 0-0 Be6 13. a3 Nxc3 14. Nxc3 Ba5 15. b4 Bc7 16. Na4 b5 17. Nc5 Bc4 18. Qf5 Bxf1 19. Rxf1 Qd6 20. Be4 g6 21. Qf3 f5 22. Bxc6 Rad8 23. Bxb5 Qd5 24. Qe2 f4 25. gxf4 Rd6 26. Bc4 Qf5 27. Bd3 Qh3 28. Ne4 Rc6 29. Ng5 Qh6 30. Be4 Rc3 31. Bd5 Qg7 32. a4 h6 33. Ne4 Ra3 34. Qc2 Bxf4 35. Nc5 Bd6 36. Nd7 Rd8 37. Qc6 Be7 38. Ne5 Rf8 39. Qc4 Rxa4 40. Bxf7+ Rxf7 41. Nxf7 Qxf7 0-1

[Event "Titled Tuesday intern op 16th Nov"]
[Site "Chess.com INT"]
[Date "2021.11.16"]
[Round "8"]
[White "Bendayan Claros, Aaron Arturo"]
[Black "Magallanes, Rey Jomar"]
[Result "1-0"]
[WhiteElo "2166"]
[BlackElo "2036"]
[PlyCount "57"]
[EventDate "2021.11.16"]
[EventType "swiss (blitz)"]
[EventRounds "11"]
[EventCountry "USA"]
[SourceTitle "CBM 205 Extra"]
[Source "ChessBase"]
[SourceDate "2022.01.31"]
[SourceVersion "1"]
[SourceVersionDate "2022.01.31"]
[SourceQuality "1"]

1. d4 Nf6 2. Bg5 e6 3. e4 Be7 4. e5 Nd5 5. Bxe7 Qxe7 6. c4 Nb6 7. Nc3 d6 8. Qg4 0-0 9. Nf3 N8d7 10. 0-0-0 c5 11. Ne4 d5 12. Nd6 cxd4 13. Qxd4 Nxc4 14. Bxc4 dxc4 15. Qxc4 Nb6 16. Qe4 Nd5 17. Kb1 Rb8 18. h4 Bd7 19. Ng5 g6 20. Qg4 f6 21. Nge4 fxe5 22. h5 Rf4 23. Qg3 Qg7 24. f3 Rbf8 25. hxg6 Qxg6 26. Qxg6+ hxg6 27. Rh6 Nf6 28. Rdh1 Nxe4 29. Rxg6# 1-0